[Event "Cto Aragón Equipos Pref Gr II"]
[Site "Aragon"]
[Date "2014.02.15"]
[Round "4.65"]
[White "Sanchez Herrera, Miguel"]
[Black "Sanmiguel Mateo, Luis"]
[Result "1-0"]
[WhiteElo "2126"]
[BlackElo "1900"]
[PlyCount "47"]
[EventDate "2014.??.??"]
[WhiteTeam "St. Casablanca C"]
[BlackTeam "Calatayud"]

1. Nf3 Nf6 2. c4 e6 3. Nc3 d5 4. e3 c5 5. d4 Nc6 6. cxd5 exd5 7. Bb5 a6 8.
Bxc6+ bxc6 9. Ne5 Bd7 10. O-O Bd6 11. b3 Qe7 12. Nd3 O-O 13. dxc5 Bxc5 14. Nxc5
Qxc5 15. Na4 Qe7 16. Bb2 Ne4 17. Qd4 f5 18. Rac1 Rf6 19. Nb6 Rb8 20. f3 Ng5 21.
Nxd7 Qxd7 22. Qf4 Nh3+ 23. gxh3 Rg6+ 24. Kh1 1-0

[Event "Cto Aragón Equipos Pref Gr II"]
[Site "Aragon"]
[Date "2014.02.15"]
[Round "4.66"]
[White "Belmonte Barragan, Avelino"]
[Black "Antonano Fedz-Quincoces, Aveli"]
[Result "0-1"]
[WhiteElo "1784"]
[BlackElo "2047"]
[PlyCount "70"]
[EventDate "2014.??.??"]
[WhiteTeam "Calatayud"]
[BlackTeam "St. Casablanca C"]

1. e4 c5 2. Nc3 g6 3. g3 Bg7 4. Bg2 e6 5. d3 Ne7 6. f4 d6 7. Nh3 O-O 8. O-O
Nbc6 9. Ne2 Rb8 10. a4 b5 11. axb5 Rxb5 12. c3 Qb6 13. f5 exf5 14. exf5 Bxf5
15. Nef4 Ne5 16. Nf2 Bd7 17. Nd5 Nxd5 18. Bxd5 Bc6 19. Bxc6 Qxc6 20. Ne4 d5 21.
Nf2 Rb7 22. Ng4 Nxg4 23. Qxg4 Qe6 24. Qh4 Qe2 25. d4 cxd4 26. cxd4 Rb4 27. Rf4
Qd1+ 28. Kg2 Rxd4 (28... Rc4 $1) 29. Rxd4 Bxd4 30. Bh6 Qc2+ 31. Kh3 Qf5+ 32.
Kg2 Qf2+ 33. Kh3 Bxb2 34. Bxf8 Bxa1 35. Qd8 Qf1+ 0-1

[Event "Cto Aragón Equipos Pref Gr II"]
[Site "Aragon"]
[Date "2014.02.15"]
[Round "4.67"]
[White "Alvarez Gonzalo, Miguel Angel"]
[Black "Garcia Arrazola, Jesus Maria"]
[Result "1/2-1/2"]
[WhiteElo "1968"]
[BlackElo "1641"]
[PlyCount "72"]
[EventDate "2014.??.??"]
[WhiteTeam "St. Casablanca C"]
[BlackTeam "Calatayud"]

1. c4 c5 2. g3 g6 3. Bg2 Bg7 4. Nc3 Nc6 5. e3 e5 6. Nge2 Nge7 7. O-O O-O 8. a3
a5 9. Rb1 Rb8 10. d3 d6 11. Bd2 Be6 12. e4 Qd7 13. Nb5 f5 14. f4 fxe4 15. Bxe4
d5 16. cxd5 Bxd5 17. Nbc3 Bxe4 18. dxe4 b6 19. Be3 Qxd1 20. Rfxd1 Nd4 21. fxe5
Nxe2+ 22. Nxe2 Bxe5 23. Rd7 Nc6 24. Bf4 Rfd8 25. Rbd1 Bd4+ 26. R7xd4 Nxd4 27.
Nxd4 Rb7 28. Be5 cxd4 29. Rxd4 Rxd4 30. Bxd4 b5 31. Kf2 Kf7 32. Ke3 a4 33. Kd3
Ke6 34. Ke3 Rc7 35. Bc3 Rf7 36. Ke2 Rc7 1/2-1/2

[Event "Cto Aragón Equipos Pref Gr II"]
[Site "Aragon"]
[Date "2014.02.15"]
[Round "4.68"]
[White "Esteban Marin, Francisco"]
[Black "Calvo Mayayo, Jose Maria"]
[Result "0-1"]
[WhiteElo "1614"]
[BlackElo "1931"]
[PlyCount "66"]
[EventDate "2014.??.??"]
[WhiteTeam "Calatayud"]
[BlackTeam "St. Casablanca C"]

1. e4 c5 2. Nf3 g6 3. Bc4 e6 4. O-O Bg7 5. Nc3 Nc6 6. d3 Nge7 7. a3 O-O 8. Bd2
d5 9. exd5 exd5 10. Ba2 a6 11. h3 h6 12. Qc1 Kh7 13. Ne2 Nf5 14. Bc3 Nfd4 15.
Nfxd4 Nxd4 16. Nxd4 cxd4 17. Bb4 Re8 18. Qf4 Be6 19. Bd2 Rc8 20. Bb3 g5 21. Qf3
f5 22. Rae1 Qd7 23. Qd1 b5 24. f4 g4 25. h4 g3 26. Qf3 Bf6 27. Qxg3 Rg8 28. Qf3
Bxh4 29. Re2 Rg3 30. Qh5 Rg4 31. Re5 Rcg8 32. Rf3 Rxg2+ 33. Kh1 Qg7 0-1

[Event "Cto Aragón Equipos Pref Gr II"]
[Site "Aragon"]
[Date "2014.02.15"]
[Round "4.69"]
[White "Sanz Lopez, Ruben"]
[Black "Baron Rodriguez, Jesus"]
[Result "0-1"]
[WhiteElo "1955"]
[BlackElo "2435"]
[PlyCount "46"]
[EventDate "2014.??.??"]
[WhiteTeam "ONCE CA Aragon B"]
[BlackTeam "IberCaja B "]

1. d4 d5 2. Nf3 Bf5 3. c4 e6 4. Nc3 c6 5. Qb3 Qb6 6. c5 Qc7 7. Bg5 Nd7 8. Bh4
h6 9. Bg3 Qc8 10. Qd1 g5 11. h3 Bg7 12. b4 Ne7 13. e3 O-O 14. Bd3 Re8 15. O-O
a5 16. Rb1 axb4 17. Bxf5 Nxf5 18. Na4 Nxg3 19. fxg3 Qc7 20. Rxb4 e5 21. Qb3 Ra7
22. e4 dxe4 23. Nxg5 Nf6 0-1

[Event "Cto Aragón Equipos Pref Gr II"]
[Site "Aragon"]
[Date "2014.02.15"]
[Round "4.70"]
[White "Aguirre Izaguirre, Pedro Jose"]
[Black "Ferrer Echavarri, Fco Javier"]
[Result "1-0"]
[WhiteElo "2206"]
[BlackElo "1933"]
[PlyCount "94"]
[EventDate "2014.??.??"]
[WhiteTeam "IberCaja B "]
[BlackTeam "ONCE CA Aragon B"]

1. c4 e5 2. Nc3 f5 3. g3 Nf6 4. Bg2 d6 5. d3 c6 6. e4 Be6 7. b3 Nbd7 8. Nge2
Be7 9. O-O O-O 10. h3 Nc5 11. f4 fxe4 12. dxe4 exf4 13. gxf4 Qc7 14. Be3 Rad8
15. Qc2 d5 16. e5 Nfe4 17. Nd4 Qc8 18. Nxe6 Qxe6 19. Ne2 Qg6 20. Nd4 Ne6 21.
Nxe6 Qxe6 22. Kh2 Qg6 23. Bxe4 Qxe4 24. Qxe4 dxe4 25. Rad1 b6 26. Kg3 Rd3 27.
Rxd3 exd3 28. Rd1 Rd8 29. Kf3 Bb4 30. Bd2 Bc5 31. Bc3 Kf7 32. Ke4 g6 33. f5
gxf5+ 34. Kxf5 d2 35. Rxd2 Rxd2 36. Bxd2 Be7 37. Bg5 Bf8 38. Bf6 b5 39. cxb5
cxb5 40. e6+ Ke8 41. Ke5 a5 42. Kd5 a4 43. Kc6 axb3 44. axb3 b4 45. Kb5 Bd6 46.
Bh4 Kf8 47. Be1 Be7 1-0

[Event "Cto Aragón Equipos Pref Gr II"]
[Site "Aragon"]
[Date "2014.02.15"]
[Round "4.71"]
[White "Landa Garriga, Francisco Javie"]
[Black "Gines Esteo, Pedro Antonio"]
[Result "0-1"]
[WhiteElo "1857"]
[BlackElo "1778"]
[PlyCount "68"]
[EventDate "2014.??.??"]
[WhiteTeam "ONCE CA Aragon B"]
[BlackTeam "IberCaja B "]

1. e4 e5 2. Nf3 Nc6 3. Bb5 Nf6 4. Qe2 Bc5 5. d3 d6 6. c3 Bg4 7. h3 Bh5 8. Be3
Bb6 9. Nbd2 O-O 10. g4 Bg6 11. Rg1 a6 12. Ba4 Bxe3 13. fxe3 b5 14. Bc2 d5 15.
h4 dxe4 16. dxe4 h5 17. g5 Nd7 18. O-O-O b4 19. c4 Qe7 20. Nf1 a5 21. Ng3 a4
22. b3 axb3 23. axb3 Ra2 24. Nd2 Nc5 25. Nxh5 Rfa8 26. Ng3 Ra1+ 27. Nb1 R8a2
28. Qg4 Na5 29. Rd3 Nxd3+ 30. Bxd3 Nxb3+ 31. Kd1 Rd2+ 32. Ke1 Rxd3 33. Ke2 Ra2+
34. Kf3 Rxe3+ 0-1

[Event "Cto Aragón Equipos Pref Gr II"]
[Site "Aragon"]
[Date "2014.02.15"]
[Round "4.72"]
[White "Torcal Miguel, Oscar"]
[Black "Soriano Gracia, Manuel"]
[Result "0-1"]
[WhiteElo "1697"]
[BlackElo "1782"]
[PlyCount "74"]
[EventDate "2014.??.??"]
[WhiteTeam "IberCaja B "]
[BlackTeam "ONCE CA Aragon B"]

1. e4 e5 2. Nf3 Nc6 3. Bc4 Bc5 4. Nc3 Nf6 5. d3 d6 6. Bg5 h6 7. Bxf6 Qxf6 8.
Nd5 Qd8 9. c3 Na5 10. Qa4+ c6 11. b4 Nxc4 12. bxc5 Nb2 13. Qc2 cxd5 14. Qxb2
O-O 15. cxd6 Qxd6 16. O-O dxe4 17. dxe4 b6 18. Qb4 Qc7 19. Rad1 Ba6 20. Rfe1
Rfd8 21. Rd5 f6 22. Red1 Rac8 23. Qa4 Rxd5 24. exd5 Be2 25. d6 Qxc3 26. d7 Rd8
27. Rb1 Qc7 28. Qb3+ Qc4 29. Qa3 Rxd7 30. h3 Qd3 31. Rb3 Qa6 32. Qb2 Bc4 33.
Ra3 Qb5 34. Qc2 Qd5 35. Kh2 b5 36. Qg6 Qd6 37. Rc3 e4+ 0-1

[Event "Cto Aragón Equipos Div Honor Gr I"]
[Site "Aragon"]
[Date "2014.02.22"]
[Round "5.1"]
[White "Hefty, Jorge W"]
[Black "Cifuentes Parada, Roberto"]
[Result "0-1"]
[WhiteElo "2342"]
[BlackElo "2458"]
[PlyCount "134"]
[EventDate "2014.??.??"]
[EventCountry "ESP"]
[WhiteTeam "IberCaja"]
[BlackTeam "Jaque"]

1. c4 c6 2. d4 d5 3. cxd5 cxd5 4. Nf3 Nf6 5. Nc3 Ne4 6. Bf4 Nc6 7. e3 Nxc3 8.
bxc3 e6 9. Bd3 Bd6 10. Bg3 O-O 11. O-O Bxg3 12. hxg3 b6 13. c4 dxc4 14. Bxc4
Bb7 15. Rc1 Rc8 16. Qe2 Qd6 17. Rfd1 Rc7 18. d5 exd5 19. Bxd5 Qe7 20. Qb2 Rfc8
21. Bxc6 Bxc6 22. Nd4 g6 23. Rc3 Qe4 24. Nxc6 Rxc6 25. Rcd3 Qe8 26. R3d2 h5 27.
Kh2 Rc3 28. Rd7 R3c7 29. R7d6 Qe7 30. R6d2 Kh7 31. Kg1 Re8 32. Rd5 Qe6 33. Kh2
Ree7 34. Qd2 Qf6 35. Rd4 Qe5 36. a4 Rc5 37. Qd3 Kg7 38. Kg1 Rec7 39. Rf4 Rc1
40. Rxc1 Rxc1+ 41. Kh2 Qa1 42. Qd4+ Qxd4 43. Rxd4 Rc5 44. e4 Kf6 45. f4 Ke6 46.
Kh3 Rc3 47. Kh4 Rc2 48. Kh3 f6 49. a5 b5 50. f5+ gxf5 51. exf5+ Ke5 52. Rd7 a6
53. Ra7 Rc6 54. g4 hxg4+ 55. Kxg4 Kd4 56. Rb7 Kc4 57. Rb6 Kc5 58. Rb7 b4 59.
Kf4 Rd6 60. g4 Rd4+ 61. Kf3 Kc4 62. Rb6 b3 63. Rc6+ Kd5 64. Rb6 Rd3+ 65. Ke2
Rg3 66. Rxf6 b2 67. Rb6 Rg1 0-1

[Event "Cto Aragón Equipos Div Honor Gr I"]
[Site "Aragon"]
[Date "2014.02.22"]
[Round "5.2"]
[White "Accattato Martin, Mario"]
[Black "Baron Rodriguez, Jorge"]
[Result "0-1"]
[WhiteElo "2232"]
[BlackElo "2276"]
[PlyCount "78"]
[EventDate "2014.??.??"]
[EventCountry "ESP"]
[WhiteTeam "Jaque"]
[BlackTeam "IberCaja"]

1. d4 d5 2. Nf3 Nf6 3. g3 Bf5 4. Bg2 e6 5. O-O Be7 6. c4 c6 7. Nbd2 h6 8. b3
O-O 9. Bb2 a5 10. a3 Nbd7 11. Re1 Bh7 12. Ne5 Nxe5 13. dxe5 Nd7 14. e4 Nc5 15.
cxd5 cxd5 16. exd5 exd5 17. Bd4 Rc8 18. Nf1 Re8 19. Ne3 Ne4 20. Qg4 Bc5 21.
Rad1 h5 22. Qxh5 Bxa3 23. Qg4 Bf8 24. Nf5 Qg5 25. Qxg5 Nxg5 26. Nd6 Bxd6 27.
exd6 Red8 28. Be5 Be4 29. h4 Nf3+ 30. Bxf3 Bxf3 31. Rc1 Rxc1 32. Rxc1 f6 33.
Bf4 Rd7 34. Rc7 Bg4 35. Rc5 Bf3 36. Rxa5 g5 37. hxg5 Rh7 38. Ra8+ Kg7 39. gxf6+
Kf7 0-1

[Event "Cto Aragón Equipos Div Honor Gr I"]
[Site "Aragon"]
[Date "2014.02.22"]
[Round "5.3"]
[White "Martinez Cebolla, Alberto"]
[Black "Gonzalez Gambau, Jorge"]
[Result "1/2-1/2"]
[WhiteElo "2054"]
[BlackElo "2123"]
[PlyCount "46"]
[EventDate "2014.??.??"]
[EventCountry "ESP"]
[WhiteTeam "IberCaja"]
[BlackTeam "Jaque"]

1. e4 c6 2. d4 d5 3. exd5 cxd5 4. Bd3 Nc6 5. c3 Nf6 6. Bf4 Bg4 7. Qb3 Qd7 8.
Nd2 e6 9. Ngf3 Bxf3 10. Nxf3 Bd6 11. Bxd6 Qxd6 12. Qxb7 Rb8 13. Qa6 O-O 14. Bb5
Rb6 15. Qa4 Ne7 16. O-O Qb8 17. Bd3 Rxb2 18. Rab1 Rxb1 19. Rxb1 Qc7 20. Rb3 Rb8
21. Rxb8+ Qxb8 22. Qb4 Qc7 23. Ne5 g6 1/2-1/2

[Event "Cto Aragón Equipos Div Honor Gr I"]
[Site "Aragon"]
[Date "2014.02.22"]
[Round "5.4"]
[White "Abos Rosico, Antonio"]
[Black "Jimenez Fernandez, Alejandro"]
[Result "1/2-1/2"]
[WhiteElo "2073"]
[BlackElo "2003"]
[PlyCount "74"]
[EventDate "2014.??.??"]
[EventCountry "ESP"]
[WhiteTeam "Jaque"]
[BlackTeam "IberCaja"]

1. e4 c6 2. Nc3 d5 3. Qf3 dxe4 4. Nxe4 Nd7 5. d4 Ndf6 6. Bd3 Nxe4 7. Qxe4 g6 8.
Nf3 Bg7 9. Qh4 Bf5 10. Bxf5 Qa5+ 11. Bd2 Qxf5 12. O-O-O O-O-O 13. Rhe1 h6 14.
Bb4 e6 15. Ne5 h5 16. Bc5 a6 17. Nc4 Bh6+ 18. Kb1 Qf4 19. Qh3 Nf6 20. Be7 Ng4
21. Qa3 Bf8 22. Bxf8 Rhxf8 23. Qe7 Qc7 24. Qxc7+ Kxc7 25. f3 Nf6 26. Ne5 Nd7
27. Nd3 b6 28. b3 a5 29. a4 Kd6 30. c3 Nf6 31. Kc2 Nd5 32. Ne5 g5 33. Nc4+ Kc7
34. Re5 Rg8 35. Rde1 Rg7 36. Nd2 h4 37. g3 Rh8 1/2-1/2

[Event "Cto Aragón Equipos Div Honor Gr I"]
[Site "Aragon"]
[Date "2014.02.22"]
[Round "5.5"]
[White "Guetas Sanchez, Hugo"]
[Black "Forcen Esteban, Daniel"]
[Result "0-1"]
[WhiteElo "2154"]
[BlackElo "2501"]
[PlyCount "84"]
[EventDate "2014.??.??"]
[EventCountry "ESP"]
[WhiteTeam "L´Aurora Estadilla"]
[BlackTeam "Jaime Casas"]

1. d4 Nf6 2. Nf3 e6 3. c4 c5 4. d5 g6 5. Nc3 exd5 6. cxd5 d6 7. g3 Bg7 8. Bg2
O-O 9. O-O Re8 10. h3 b6 11. Re1 Ne4 12. Nxe4 Rxe4 13. Nd2 Re8 14. Qc2 Na6 15.
a3 Nc7 16. Nc4 Nb5 17. Qa4 Nd4 18. Nxb6 axb6 19. Qxa8 Nc2 20. Bf4 Bxb2 21. Rab1
Nxe1 22. Rxe1 g5 23. Be3 h6 24. Rb1 Bc3 25. Qc6 Ba5 26. Kh2 Qe7 27. Qa4 Bd7 28.
Qc2 Qe5 29. Rd1 Kg7 30. Bf3 Bf5 31. Qa4 Be4 32. Bh5 Re7 33. Qc6 Qf6 34. Kg1 Bf5
35. Bg4 Bxg4 36. hxg4 Re4 37. Qd7 Qe5 38. Kg2 Rc4 39. Qd8 Rc2 40. Kf3 Ra2 41.
Qa8 Rxa3 42. Rh1 Ra4 0-1

[Event "Cto Aragón Equipos Div Honor Gr I"]
[Site "Aragon"]
[Date "2014.02.22"]
[Round "5.6"]
[White "Garza Marco, Sergio"]
[Black "Solano Lasierra, Javier"]
[Result "1-0"]
[WhiteElo "2447"]
[BlackElo "2181"]
[PlyCount "97"]
[EventDate "2014.??.??"]
[EventCountry "ESP"]
[WhiteTeam "Jaime Casas"]
[BlackTeam "L´Aurora Estadilla"]

1. d4 c5 2. d5 Nf6 3. c4 Ne4 4. Nd2 Qa5 5. g3 g6 6. Bg2 Nd6 7. Ngf3 b5 8. cxb5
Bg7 9. O-O O-O 10. a4 a6 11. Nb3 Qd8 12. Bd2 axb5 13. axb5 Rxa1 14. Qxa1 Qb6
15. Qa4 Qxb5 16. Qxb5 Nxb5 17. Nxc5 d6 18. Na4 Nd7 19. Rc1 Bb7 20. e4 Rc8 21.
Rxc8+ Bxc8 22. Bf1 Nd4 23. Nxd4 Bxd4 24. Bc3 Ba7 25. b4 Kf8 26. b5 e6 27. Ba5
exd5 28. exd5 Bd4 29. b6 Bb7 30. Bb5 Ne5 31. Nc3 Ke7 32. Kf1 Bxc3 33. Bxc3 Bxd5
34. Ke2 Bb7 35. f4 Ng4 36. h3 Nf6 37. Bxf6+ Kxf6 38. Ke3 Ke6 39. Kd4 f6 40. Ba4
g5 41. Bb3+ d5 42. Kc5 gxf4 43. gxf4 h6 44. Bc2 h5 45. h4 d4 46. Kxd4 Kd6 47.
Be4 Ba6 48. Bf3 Bc8 49. b7 1-0

[Event "Cto Aragón Equipos Div Honor Gr I"]
[Site "Aragon"]
[Date "2014.02.22"]
[Round "5.7"]
[White "Pellicer Cemeli, Jose Luis"]
[Black "Ramiro Ovejero, Juan Luis"]
[Result "0-1"]
[WhiteElo "2075"]
[BlackElo "2390"]
[PlyCount "90"]
[EventDate "2014.??.??"]
[EventCountry "ESP"]
[WhiteTeam "L´Aurora Estadilla"]
[BlackTeam "Jaime Casas"]

1. e4 c5 2. Nf3 Nc6 3. d4 cxd4 4. Nxd4 e6 5. Nc3 Qc7 6. Be3 a6 7. Qd2 Nf6 8.
O-O-O Be7 9. f3 b5 10. Bf4 e5 11. Nxc6 dxc6 12. Be3 Be6 13. Qf2 Nd7 14. f4 Qa5
15. f5 Bxa2 16. Rxd7 Kxd7 17. Bb6 Bg5+ 18. Kd1 Qb4 19. h4 Bh6 20. Nxa2 Qxb2 21.
Rh3 Qb1+ 22. Ke2 Qxc2+ 23. Kf3 Qd1+ 24. Qe2 Qxe2+ 25. Kxe2 a5 26. Rd3+ Kc8 27.
Nc3 Kb7 28. Bc5 Rhd8 29. Kd1 g6 30. Bd6 f6 31. Be7 Rxd3+ 32. Bxd3 Bg7 33. g4
Re8 34. Bc5 Bf8 35. Be3 a4 36. Kc2 Ra8 37. Na2 Ka6 38. fxg6 hxg6 39. h5 g5 40.
Kc3 c5 41. h6 c4 42. Bc2 Ka5 43. h7 Be7 44. Kb2 b4 45. Bd2 Rh8 0-1

[Event "Cto Aragón Equipos Div Honor Gr I"]
[Site "Aragon"]
[Date "2014.02.22"]
[Round "5.8"]
[White "Fontana Sotomayor, Luis Javier"]
[Black "Pellicer Cerezuela, Miguel"]
[Result "0-1"]
[WhiteElo "2323"]
[BlackElo "1927"]
[PlyCount "102"]
[EventDate "2014.??.??"]
[EventCountry "ESP"]
[WhiteTeam "Jaime Casas"]
[BlackTeam "L´Aurora Estadilla"]

1. d4 Nf6 2. Nf3 e6 3. e3 b6 4. Bd3 Bb7 5. O-O d6 6. b3 Nbd7 7. Bb2 Be7 8. Nbd2
c5 9. c3 d5 10. Ne5 O-O 11. f4 Ne4 12. Nxe4 dxe4 13. Bc4 Nxe5 14. fxe5 Bd5 15.
Ba6 Bg5 16. Qe2 cxd4 17. exd4 Rb8 18. Rad1 e3 19. Ba3 Be7 20. Bxe7 Qxe7 21.
Qxe3 Qa3 22. Be2 b5 23. Rd2 a5 24. Bd3 a4 25. c4 Bc6 26. c5 axb3 27. axb3 Bd5
28. Bc2 Qb4 29. Qd3 g6 30. Rdf2 Ra8 31. h4 Ra2 32. h5 Rxc2 33. Rxc2 Qxb3 34.
Qxb3 Bxb3 35. Rb2 Bc4 36. Ra1 gxh5 37. Kf2 Rc8 38. Ra7 Kg7 39. Ke3 Kg6 40. Rf2
b4 41. Rf6+ Kg5 42. Raxf7 Rg8 43. Rb7 b3 44. Rff7 Kh4 45. Kf2 Bd5 46. c6 Rxg2+
47. Kf1 Rc2 48. Rf2 Rxc6 49. Rb2 Rc1+ 50. Ke2 Bxb7 51. Rxb3 Bd5 0-1

[Event "Cto Aragón Equipos Div Honor Gr I"]
[Site "Aragon"]
[Date "2014.02.22"]
[Round "5.9"]
[White "Galve Guinea, Alejandro"]
[Black "Colas Longares, Rafael P"]
[Result "1-0"]
[WhiteElo "2037"]
[BlackElo "2289"]
[PlyCount "77"]
[EventDate "2014.??.??"]
[EventCountry "ESP"]
[WhiteTeam "El Olivar B"]
[BlackTeam "Caissa-Hnos Cortes"]

1. d4 Nf6 2. Nf3 d6 3. c4 Nbd7 4. Nc3 e5 5. e4 Be7 6. Be2 c6 7. O-O O-O 8. d5
Nc5 9. Nd2 a5 10. Qc2 Bd7 11. Nb3 Na6 12. Be3 Ng4 13. Bxg4 Bxg4 14. f3 Bd7 15.
Qd2 a4 16. Nc1 c5 17. Nd3 Nc7 18. f4 exf4 19. Bxf4 Ra6 20. e5 b5 21. exd6 Bxd6
22. Bxd6 Rxd6 23. Nxc5 Na6 24. Nxd7 Rxd7 25. Nxb5 Qb6+ 26. Qd4 Qb7 27. Qd1 Nc5
28. b4 Ne4 29. Qd4 Nf6 30. d6 Rfd8 31. a3 Ne8 32. Rfe1 h6 33. Rad1 Qc6 34. Qd5
Qa6 35. Qc5 Nxd6 36. Nxd6 Rxd6 37. Rxd6 Qxd6 38. Re8+ Kh7 39. Qf5+ 1-0

[Event "Cto Aragón Equipos Div Honor Gr I"]
[Site "Aragon"]
[Date "2014.02.22"]
[Round "5.10"]
[White "Garcia Vicente, Nieves"]
[Black "Sarto Ramos, Angel"]
[Result "0-1"]
[WhiteElo "2239"]
[BlackElo "1963"]
[PlyCount "142"]
[EventDate "2014.??.??"]
[EventCountry "ESP"]
[WhiteTeam "Caissa-Hnos Cortes"]
[BlackTeam "El Olivar B"]

1. d4 f5 2. Nc3 Nf6 3. Bg5 e6 4. e4 fxe4 5. Nxe4 Be7 6. Bxf6 Bxf6 7. Nf3 O-O 8.
Bd3 d6 9. Qd2 Nc6 10. Nxf6+ Qxf6 11. O-O Qf4 12. Qxf4 Rxf4 13. c3 Bd7 14. Rae1
h6 15. Re4 Raf8 16. Rxf4 Rxf4 17. Re1 Kf7 18. Re3 g5 19. g3 Rf6 20. Nd2 d5 21.
Bb5 Nb8 22. Be2 Nc6 23. Nf3 Ke7 24. b4 a6 25. h4 gxh4 26. Nxh4 Kd6 27. f4 Ne7
28. Bd3 Bb5 29. Bc2 b6 30. Re5 c5 31. bxc5+ bxc5 32. Nf3 Nc6 33. Rh5 Be2 34.
dxc5+ Kxc5 35. Kf2 Bxf3 36. Kxf3 Kc4 37. Ba4 Ne7 38. Rh1 e5 39. Rc1 e4+ 40. Ke2
Re6 41. Bb3+ Kc5 42. Rg1 h5 43. Kf2 Nf5 44. Bd1 Ng7 45. Bb3 a5 46. Rg2 Nf5 47.
Bd1 Rb6 48. Bxh5 Rb2+ 49. Kg1 Rb1+ 50. Kh2 Rc1 51. Bg6 Ne3 52. Re2 Rxc3 53. f5
Ng4+ 54. Kh3 Nf6 55. Kh4 d4 56. g4 d3 57. Re3 Kd4 58. Re1 d2 59. Rd1 e3 60. g5
Rc1 61. gxf6 Rxd1 62. f7 e2 63. f8=Q e1=Q+ 64. Kg5 Qe3+ 65. Kf6 Qe5+ 66. Kf7
Rc1 67. Qd8+ Qd5+ 68. Qxd5+ Kxd5 69. Bh5 d1=Q 70. Bxd1 Rxd1 71. f6 Ra1 0-1

[Event "Cto Aragón Equipos Div Honor Gr I"]
[Site "Aragon"]
[Date "2014.02.22"]
[Round "5.11"]
[White "De La Riva Fernandez, Eduardo"]
[Black "Gil Capape, Marco Antonio"]
[Result "0-1"]
[WhiteElo "1965"]
[BlackElo "2061"]
[PlyCount "112"]
[EventDate "2014.??.??"]
[EventCountry "ESP"]
[WhiteTeam "El Olivar B"]
[BlackTeam "Caissa-Hnos Cortes"]

1. e4 e6 2. d4 d5 3. Nd2 Nf6 4. e5 Nfd7 5. Bd3 c5 6. c3 Nc6 7. Ne2 Qb6 8. Nf3
cxd4 9. cxd4 f6 10. exf6 Nxf6 11. O-O Bd6 12. Re1 O-O 13. Bf4 Bxf4 14. Nxf4
Qxb2 15. Nxe6 Bxe6 16. Rb1 Qxa2 17. Rxe6 Ne4 18. Bxe4 dxe4 19. Rxe4 Rad8 20.
Rxb7 Rb8 21. Rxb8 Rxb8 22. Re1 Ne7 23. Qd3 Nd5 24. Ng5 Nf6 25. h3 a5 26. Qf5 h6
27. Ne6 Re8 28. Re5 a4 29. Nc7 Rb8 30. d5 Qb1+ 31. Qxb1 Rxb1+ 32. Kh2 a3 33. d6
a2 34. Ra5 a1=Q 35. Rxa1 Rxa1 36. Ne8 Nd7 37. Nc7 Rd1 38. Nb5 Rd3 39. h4 Kf7
40. g3 Ne5 41. Kg2 g5 42. hxg5 hxg5 43. f4 gxf4 44. gxf4 Nc4 45. Kf2 Rd2+ 46.
Kf3 Nxd6 47. Ke3 Nc4+ 48. Ke4 Kf6 49. Nc3 Nd6+ 50. Ke3 Rb2 51. Ne2 Rb4 52. Kf3
Nf5 53. Nc1 Rd4 54. Ne2 Rd3+ 55. Kf2 Nd4 56. Nc1 Rc3 0-1

[Event "Cto Aragón Equipos Div Honor Gr I"]
[Site "Aragon"]
[Date "2014.02.22"]
[Round "5.12"]
[White "Carraminana Lopez, Luis Antoni"]
[Black "Hernandez Delgado, Gabriel"]
[Result "1-0"]
[WhiteElo "2009"]
[BlackElo "1931"]
[PlyCount "87"]
[EventDate "2014.??.??"]
[EventCountry "ESP"]
[WhiteTeam "Caissa-Hnos Cortes"]
[BlackTeam "El Olivar B"]

1. e4 d5 2. exd5 Nf6 3. d4 Bg4 4. Nf3 Qxd5 5. Nc3 Qh5 6. Bf4 Bxf3 7. gxf3 c6 8.
Bc4 e6 9. Ne4 Nbd7 10. Rg1 Nxe4 11. fxe4 Qxd1+ 12. Rxd1 Nb6 13. Bb3 O-O-O 14.
Ke2 Rg8 15. a4 Bd6 16. Be3 Bxh2 17. Rh1 Bb8 18. Rxh7 Nd7 19. Rg1 Nf6 20. Rhxg7
Rxg7 21. Rxg7 Rf8 22. e5 Nd5 23. Bxd5 cxd5 24. Bh6 Rh8 25. Bg5 Bc7 26. Rxf7 Re8
27. Re7 Rxe7 28. Bxe7 Kd7 29. Bf6 Bb6 30. Ke3 Ba5 31. b3 a6 32. c4 Kc6 33. f4
b5 34. axb5+ axb5 35. cxb5+ Kxb5 36. f5 exf5 37. Kf4 Bc3 38. e6 Kc6 39. Be5 Bb4
40. Kxf5 Be7 41. Kg6 Kb5 42. Kf7 Ba3 43. e7 Bxe7 44. Kxe7 1-0

[Event "Cto Aragón Equipos Div Honor Gr I"]
[Site "Aragon"]
[Date "2014.02.22"]
[Round "5.13"]
[White "Garcia Fernandez, Javier"]
[Black "Villuendas Valero, Adrian"]
[Result "1/2-1/2"]
[WhiteElo "2174"]
[BlackElo "2276"]
[PlyCount "75"]
[EventDate "2014.??.??"]
[EventCountry "ESP"]
[WhiteTeam "Teruel"]
[BlackTeam "St. Casablanca B"]

1. e4 e6 2. d4 d5 3. Nc3 Nf6 4. e5 Nfd7 5. f4 c5 6. Nf3 Nc6 7. Be3 Be7 8. Qd2
O-O 9. Nd1 cxd4 10. Nxd4 Nc5 11. Nf2 Bd7 12. Bd3 Nxd3+ 13. Nxd3 Nxd4 14. Bxd4
Qc7 15. O-O Rac8 16. c3 b6 17. b4 f5 18. exf6 Bxf6 19. Ne5 Be8 20. Qe3 Ba4 21.
Rf2 Bxe5 22. Bxe5 Qf7 23. g4 Qg6 24. Re1 Bc2 25. Rg2 Be4 26. Rg3 Qe8 27. Qd2
Qa4 28. Qb2 Rc4 29. h4 a5 30. a3 Rfc8 31. Qf2 Qc6 32. Bd4 b5 33. Kh2 Qd6 34.
Be5 Qe7 35. Kh3 Ra8 36. Rgg1 Qa7 37. Qxa7 Rxa7 38. Ra1 1/2-1/2

[Event "Cto Aragón Equipos Div Honor Gr I"]
[Site "Aragon"]
[Date "2014.02.22"]
[Round "5.14"]
[White "Gomez Anadon, Daniel"]
[Black "Dominguez Bujeda, Jesus"]
[Result "1/2-1/2"]
[WhiteElo "2244"]
[BlackElo "2171"]
[PlyCount "132"]
[EventDate "2014.??.??"]
[EventCountry "ESP"]
[WhiteTeam "St. Casablanca B"]
[BlackTeam "Teruel"]

1. e4 c5 2. Nf3 g6 3. d4 cxd4 4. Nxd4 Nc6 5. c4 Nf6 6. Nc3 d6 7. Be2 Nxd4 8.
Qxd4 Bg7 9. Be3 O-O 10. Qd2 Be6 11. Rc1 Qa5 12. O-O Rfc8 13. b3 a6 14. f3 b5
15. Nd5 Qxd2 16. Bxd2 Nxd5 17. cxd5 Bd4+ 18. Kh1 Bd7 19. Rxc8+ Rxc8 20. Rc1
Rxc1+ 21. Bxc1 f5 22. g3 fxe4 23. fxe4 Bh3 24. a4 bxa4 25. bxa4 a5 26. Bd2 Bb6
27. g4 Kf7 28. Bc3 e6 29. dxe6+ Kxe6 30. Bc4+ Ke7 31. g5 Bd7 32. Bf6+ Kf8 33.
Kg2 Bxa4 34. e5 Bc6+ 35. Kf1 d5 36. Be2 Bd7 37. Bf3 Be6 38. Bd1 Bh3+ 39. Ke1
Bg1 40. Bb3 Be6 41. h4 Bb6 42. Bc2 Kf7 43. Ba4 Bf5 44. Bc6 Ke6 45. Bb7 d4 46.
Bc8+ Kf7 47. Bxf5 gxf5 48. h5 a4 49. g6+ hxg6 50. h6 a3 51. h7 a2 52. h8=Q
a1=Q+ 53. Ke2 Qb2+ 54. Kd1 Qb1+ 55. Kd2 Ba5+ 56. Ke2 Qe1+ 57. Kd3 Qc3+ 58. Ke2
Qd2+ 59. Kf1 Qd1+ 60. Kg2 Qg4+ 61. Kf2 Qf4+ 62. Kg1 Qe3+ 63. Kg2 Be1 64. Qg7+
Ke6 65. Qg8+ Kd7 66. Qd5+ Kc8 1/2-1/2

[Event "Cto Aragón Equipos Div Honor Gr I"]
[Site "Aragon"]
[Date "2014.02.22"]
[Round "5.16"]
[White "Bellosta Lopez, Pablo"]
[Black "Gil Pineiro, David"]
[Result "1-0"]
[WhiteElo "2071"]
[BlackElo "1911"]
[PlyCount "63"]
[EventDate "2014.??.??"]
[EventCountry "ESP"]
[WhiteTeam "St. Casablanca B"]
[BlackTeam "Teruel"]

1. d4 d5 2. Nf3 Nf6 3. e3 c5 4. c3 Nc6 5. dxc5 a5 6. Bb5 e6 7. b4 Bd7 8. Qb3
Be7 9. O-O O-O 10. a4 Rb8 11. Ba3 Qc7 12. Nbd2 Rfe8 13. Rac1 e5 14. c4 axb4 15.
Bb2 e4 16. Nd4 Ne5 17. Qxb4 Bxc5 18. Qc3 dxc4 19. Nxc4 Nxc4 20. Bxc4 Ng4 21. g3
Ne5 22. Bxf7+ Kxf7 23. Qxc5 Qxc5 24. Rxc5 Nd3 25. Rc7 Re7 26. Ba3 Ra8 27. Rb1
Rxa4 28. Bxe7 Kxe7 29. Rbxb7 Ne5 30. Nc6+ Kd6 31. Nxe5 Bh3 32. Nc4+ 1-0